Fikriye direksiyon villası / (Kayıt no. 10311)
[ düz görünüm ]
| 000 -BAŞLIK | |
|---|---|
| Sabit Uzunluktaki Kontrol Alanı | 00765nam a22002537a 4500 |
| 003 - KONTROL NUMARASI KİMLİĞİ | |
| Kontrol Alanı | KOHA_MİRAKIL |
| 005 - EN SON İŞLEM TARİHİ ve ZAMANI | |
| Kontrol Alanı | 20260421123807.0 |
| 008 - SABİT UZUNLUKTAKİ VERİ ÖGELERİ - GENEL BİLGİ | |
| Sabit Alan | 260421b tu ||||| |||| 00| 0 tur d |
| 020 ## - ISBN - ULUSLARARASI STANDART KİTAP NUMARASI | |
| Isbn | 9786257198653 |
| 040 ## - KATALOGLAMA KAYNAĞI | |
| Özgün Kataloglama Kurumu | TR-AnABB |
| Kataloglama Dili | tur |
| Çeviri Kurumu | TR-AnABB |
| 041 ## - DİL KODU | |
| Metin ya da ses kaydının dil kodu | tur |
| 082 ## - DEWEY ONU SINIFLAMA SİSTEMİ | |
| Sınıflama Numarası | 812.42 |
| Cutter numarası | DEM 2021 |
| 100 1# - KİŞİ ADI | |
| Yazar Adı (Kişi adı) | Demirsoy, Sedat |
| 245 10 - ESER ADI BİLDİRİMİ | |
| Başlık | Fikriye direksiyon villası / |
| Sorumluluk Bildirimi | Sedat Demirsoy |
| 246 ## - DEĞİŞİK BAŞLIK FORMU | |
| Başlık uygun / kısa başlık | Fikriye |
| 260 ## - YAYIN, DAĞITIM, VB. | |
| Yayın Yeri | Ankara : |
| Yayınevi | İzan Yayıncılık, |
| Yayın Tarihi | 2021 |
| 300 ## - FİZİKSEL TANIMLAMA | |
| Sayfa, Cilt vb. | 63 sayfa ; |
| Boyutları | 20 cm |
| 490 0# - DİZİ BİLDİRİMİ | |
| Dizi Bildirimi | İzan yayıncılık ; |
| Cilt Numarası | 203 |
| 490 0# - DİZİ BİLDİRİMİ | |
| Dizi Bildirimi | Tiyatro ; |
| Cilt Numarası | 8 |
| 500 ## - GENEL NOT | |
| Genel Not | Yazar tarafından Prof. Dr. Ruşen Keleş için imzalanmıştır. |
| 650 04 - KONU BAŞLIĞI EK GİRİŞ - KONU TERİMİ | |
| Konusal terim veya coğrafi ad | Türk edebiyatı, tiyatro |
| 900 ## - YEREL BİLGİ | |
| Kontrol | Can ÇELIK |
| 942 ## - EK GİRİŞ ÖGELERİ (KOHA) | |
| Sınıflama Kaynağı | Dewey Decimal Classification |
| Materyal Türü | Kitap |
| Geri Çekilme Durumu | Kayıp Durumu | Sınıflandırma Kaynağı | Kredi için değil | Kalıcı Konum | Mevcut Konum | Kayıt Tarih | Toplam Ödünçverme | Yer Numarası | Demirbaş Numarası | Son Görülme Tarihi | Fatura Tarihi | Materyal Türü |
|---|---|---|---|---|---|---|---|---|---|---|---|---|
| Dewey Decimal Classification | Prof. Dr. Ruşen Keleş Kütüphanesi | Prof. Dr. Ruşen Keleş Kütüphanesi | 21/04/2026 | 812.42 DEM 2021 | RK7218 | 21/04/2026 | 21/04/2026 | Kitap |
